UM Logo

The basic education curriculum in 17 easy lessons/ (Record no. 5213)

MARC details
000 -LEADER
fixed length control field 00471nam a22001457a 4500
008 - FIXED-LENGTH DATA ELEMENTS--GENERAL INFORMATION
fixed length control field 161014b xxu||||| |||| 00| 0 eng d
020 ## - INTERNATIONAL STANDARD BOOK NUMBER
International Standard Book Number 9712713164
082 ## - DEWEY DECIMAL CLASSIFICATION NUMBER
Edition number 2003
Classification number DFil 375.001
Item number C88
100 ## - MAIN ENTRY--PERSONAL NAME
9 (RLIN) 16184
Personal name Cruz, Isagani R.
245 ## - TITLE STATEMENT
Title The basic education curriculum in 17 easy lessons/
Statement of responsibility, etc. Isagani R. Cruz
260 ## - PUBLICATION, DISTRIBUTION, ETC. (IMPRINT)
Place of publication, distribution, etc. Pasig City:
Name of publisher, distributor, etc. Anvil Publishing,
Date of publication, distribution, etc. c2003.
300 ## - PHYSICAL DESCRIPTION
Extent 111 pages;
Dimensions 22 cm.
650 #0 - SUBJECT ADDED ENTRY--TOPICAL TERM
9 (RLIN) 16185
Topical term or geographic name as entry element Education
General subdivision Curricula
Geographic subdivision Philippines.
942 ## - ADDED ENTRY ELEMENTS (KOHA)
Source of classification or shelving scheme Dewey Decimal Classification
Koha item type Filipiniana
Holdings
Withdrawn status Lost status Source of classification or shelving scheme Damaged status Not for loan Collection code Home library Current library Date acquired Source of acquisition Total Checkouts Full call number Barcode Date last seen Price effective from Koha item type
    Dewey Decimal Classification     Filipiniana UM Digos College - LIC UM Digos College - LIC 04/23/2004 Purchased   DFil 375.001 C88 2003 17015 05/15/2025 10/14/2016 Filipiniana